Snow treasure / (Record no. 145)

MARC details
000 -LEADER
fixed length control field 00928nam a22002777a 4500
001 - CONTROL NUMBER
control field 145
003 - CONTROL NUMBER IDENTIFIER
control field FISKH
005 - DATE AND TIME OF LATEST TRANSACTION
control field 20230301094839.0
008 - FIXED-LENGTH DATA ELEMENTS--GENERAL INFORMATION
fixed length control field 230301b cb ||||| |||| 00| 0 eng d
020 ## - INTERNATIONAL STANDARD BOOK NUMBER
International Standard Book Number 9780142402245
040 ## - CATALOGING SOURCE
Original cataloging agency OCO
Transcribing agency OCO
Modifying agency BAKER
-- BTCTA
-- DLC
-- FISKH
Language of cataloging eng
050 00 - LIBRARY OF CONGRESS CALL NUMBER
Classification number PZ7.M248
082 ## - DEWEY DECIMAL CLASSIFICATION NUMBER
Classification number 372.64
100 1# - MAIN ENTRY--PERSONAL NAME
Personal name McSwigan, Marie,
Dates associated with a name 1907-1962.
245 10 - TITLE STATEMENT
Title Snow treasure /
Statement of responsibility, etc. Marie McSwigan ; illustrated by Mary Reardon.
260 ## - PUBLICATION, DISTRIBUTION, ETC.
Place of publication, distribution, etc. New York
Name of publisher, distributor, etc. Puffin
Date of publication, distribution, etc. 2005
300 ## - PHYSICAL DESCRIPTION
Extent viii, 196 p.
Other physical details ill.
Dimensions 20 cm.
505 ## - FORMATTED CONTENTS NOTE
Formatted contents note M
521 8# - TARGET AUDIENCE NOTE
Target audience note 690
Source Lexile
521 8# - TARGET AUDIENCE NOTE
Target audience note M
Source Raz-Plus
700 1# - ADDED ENTRY--PERSONAL NAME
Personal name Reardon, Mary,
Relator term ill.
856 42 - ELECTRONIC LOCATION AND ACCESS
Materials specified Publisher description
Uniform Resource Identifier <a href="http://www.loc.gov/catdir/enhancements/fy1204/2006287291-d.html">http://www.loc.gov/catdir/enhancements/fy1204/2006287291-d.html</a>
856 42 - ELECTRONIC LOCATION AND ACCESS
Materials specified Contributor biographical information
Uniform Resource Identifier <a href="http://www.loc.gov/catdir/enhancements/fy1602/2006287291-b.html">http://www.loc.gov/catdir/enhancements/fy1602/2006287291-b.html</a>
906 ## - LOCAL DATA ELEMENT F, LDF (RLIN)
a 7
b cbc
c orignew
d 4
e ncip
f 20
g y-gencatlg
942 ## - ADDED ENTRY ELEMENTS (KOHA)
Source of classification or shelving scheme Dewey Decimal Classification
Koha item type Books
Suppress in OPAC No
Holdings
Withdrawn status Lost status Source of classification or shelving scheme Damaged status Not for loan Collection Home library Current library Shelving location Date acquired Total Checkouts Full call number Barcode Date last seen Price effective from Koha item type
    Dewey Decimal Classification     Juvenile Fiction Footprints International School Library Network Toul Kork Campus Footprints International School Library Network Toul Kork Campus TK Primary Library Room(4th Floor), Bookcase 5&6, Shelves 33-56, Orange Books 03/01/2023   MCS 372.64 PZ7.M248 FISTK00072 03/01/2023 03/01/2023 Books